000 00709nam a2200289Ia 4500
005 20260324133232.0
008 008 260324s9999 xx 000 0 eng d
020 _a9780203361573
037 _aEBOOK
040 _aCRL
040 _beng
040 _cCRL
041 _2eng
041 _aeng
084 _qCRL
100 _aPaula Reavey; Sam Warner
_91192306
245 0 _aNew Feminist Stories of Child Sexual Abuse
245 0 _bSexual Scripts and Dangerous Dialogue
260 _bTaylor and Francis
260 _c2003
365 _a
365 _b255
856 _uhttp://www.taylorfrancis.com/books/9780203361573
942 _cEBOOK
999 _c1791178
_d1791178